[Event "Karadjordje-Serbia"]
[Site "Topola SCG"]
[Date "2004.05.13"]
[Round "10"]
[White "Pavlovic,Mi"]
[Black "Georgiev,Ki"]
[Result "0-1"]
[WhiteElo "2545"]
[BlackElo "2637"]

1.e4 e5 2.Nf3 Nc6 3.Bb5 Nf6 4.d3 d6 5.c3 g6 6.Bg5 Bg7 7.Nbd2 O-O 8.O-O Bd7
9.Re1 h6 10.Bh4 Re8 11.Ba4 a6 12.Bb3 Qc8 13.Nf1 Nh5 14.Ne3 Nf4 15.Bg3 Nh5
16.Bh4 Nf4 17.Bg3 Nh5 18.Bh4 Be6 19.Bc2 Ne7 20.d4 Nf4 21.Bg3 c6 22.Bb3 Rd8
23.d5 Bd7 24.Nc4 Qb8 25.Nb6 Ra7 26.Bxf4 exf4 27.Nxd7 Rxd7 28.g3 fxg3 29.hxg3 cxd5
30.Bxd5 b5 31.Bb3 a5 32.a3 b4 33.axb4 axb4 34.Rxa7 Rxa7 35.cxb4 Qxb4 36.e5 dxe5
37.Nxe5 Bxe5 38.Rxe5 Kg7 39.Qd3 Nf5 40.Re4 Qc5 41.Bc4 Rc7 42.b3 h5 43.Qc3+ Kh7
44.Qf6 Qd6 45.Qxd6 Nxd6 46.Rd4 Rc6 47.g4 hxg4 48.Rxg4 Kg7 49.Rd4 Kf6 50.f3 Ke5
51.Rd5+ Kf6 52.Rd4 Ke7 53.Kf2 g5 54.f4 g4 55.f5 g3+ 56.Kf3 Nxf5 57.Rf4 Rg6
58.Bf1 Rg5 59.Bh3 Nd6 60.Rg4 Rb5 61.b4 f5 62.Rd4 Ke6 63.Kxg3 Ke5 64.Rxd6 Kxd6
65.Kf4 Ke6 66.Kg5 Re5 67.Kg6 Rd5 68.Kg5 Rb5 69.Kg6 Rxb4 70.Bxf5+ Ke5 71.Bd7 Rd4
72.Bf5 Rd6+ 73.Kg5 Rd1 74.Bc8 Rg1+ 75.Bg4 Ke4 76.Kh5 Kf4 77.Be6 Rg2 78.Kh6 Ke5
79.Bd7 Kf6 80.Kh5 Rg5+ 81.Kh4 Rg7 82.Bg4 Ke5 83.Kh5 Kf4 84.Be6 Rg5+ 85.Kh6 Rg3
86.Kh7 Ke5 87.Bg8 Kf6 88.Kh8 Rg7 89.Bc4 Kg6 90.Bd3+ Kf7 91.Bc4+ Kf8 92.Bd3 Rg3
93.Be4 Kf7 94.Bd5+ Kf6 95.Be4 Ra3 96.Bh7 Kf7 97.Be4 Rg3 98.Bb1 Ra3 99.Bc2  0-1

[Event "TCh-GRE"]
[Site "Aghia Pelagia GRE"]
[Date "2004.07.05"]
[Round "2"]
[White "Plachetka,J"]
[Black "Georgiev,Ki"]
[Result "0-1"]
[WhiteElo "2435"]
[BlackElo "2626"]

1.d4 Nf6 2.Nf3 e6 3.c4 d5 4.Nc3 dxc4 5.e3 a6 6.Bxc4 b5 7.Be2 Bb7 8.O-O Nbd7
9.b3 c5 10.Bb2 Be7 11.Rc1 O-O 12.dxc5 Bxc5 13.Ne1 e5 14.Nd3 Bd6 15.a4 b4
16.Nb1 Qb8 17.h3 Rd8 18.Qc2 e4 19.Nf4 Bxf4 20.exf4 Qxf4 21.Qc7 Qxc7 22.Rxc7 Bd5
23.Nd2 Nf8 24.Bxf6 gxf6 25.Bh5 Ng6 26.Re1 f5 27.g3 Ne5 28.Be2 Be6 29.Nc4 Bxc4
30.bxc4 b3 31.c5 b2 32.Rb7 Rd2 33.Kf1 Rc2 34.c6 Nxc6 35.Bd1 Rd2 36.Bb3 Ne5
37.Rb1 Rc8  0-1

[Event "TCh-GRE"]
[Site "Aghia Pelagia GRE"]
[Date "2004.07.06"]
[Round "3"]
[White "Georgiev,Ki"]
[Black "Mastrovasilis,D"]
[Result "1/2-1/2"]
[WhiteElo "2626"]
[BlackElo "2568"]

1.d4 d5 2.c4 c6 3.Nf3 Nf6 4.e3 Bg4 5.h3 Bxf3 6.Qxf3 e6 7.Nc3 Bd6 8.Bd3 Qe7
9.O-O O-O 10.Bd2 Nbd7 11.Rfe1 dxc4 12.Bxc4 e5 13.Rad1 Rfe8 14.Bb3 e4 15.Qe2 Bc7
16.f4 Nb6 17.g4 Nc8 18.g5 Nd7 19.Qg4 g6 20.Nxe4 Qxe4 21.Qxd7 Nd6 22.Qg4 Rad8
23.Qg2 Qf5 24.Rc1 Bb6 25.Qg4 Qd3 26.Qg2 Ne4 27.Bc2 Qxd2 28.Bxe4 Qxg2+ 29.Bxg2 Ba5
30.Re2 Rxd4 31.Kf2 Rd3 32.Rc4 Red8 33.Be4 Rd2 34.b4 Bb6 35.a4 a6 36.Bc2 Kf8
37.Kf3 R8d6 38.h4 f5 39.h5 Rxe2 40.Kxe2 Rd7 41.h6 Kf7 42.Bb3 Kf8 43.Bc2 Kf7
44.Kf3 Rd2 45.Rc3 Kf8 46.e4 Rf2+ 47.Kg3 fxe4 48.Bxe4 Re2 49.Rc4 Rd2 50.Bxc6 bxc6
51.Rxc6 Rd3+ 52.Kg2 Be3 53.Rxa6 Rd4 54.Kf3 Bc1 55.Ra8+ Kf7 56.Ra7+ Ke6 57.Ra6+ Ke7
58.Ra7+ Ke6 59.Ra6+ Ke7  1/2-1/2

[Event "TCh-GRE"]
[Site "Aghia Pelagia GRE"]
[Date "2004.07.07"]
[Round "5"]
[White "Georgiev,Ki"]
[Black "Gustafsson,J"]
[Result "1/2-1/2"]
[WhiteElo "2626"]
[BlackElo "2611"]

1.d4 Nf6 2.c4 e6 3.Nc3 d5 4.Bg5 dxc4 5.e3 a6 6.Bxc4 c5 7.Nf3 cxd4 8.Nxd4 Be7
9.O-O O-O 10.Qe2 Bd7 11.Rfd1 Qa5 12.Bh4 Nc6 13.e4 Ne5 14.Bb3 Rfd8 15.Bg3 Rac8
16.a3 Nc6 17.Nf3  1/2-1/2

[Event "TCh-GRE"]
[Site "Aghia Pelagia GRE"]
[Date "2004.07.09"]
[Round "7"]
[White "Georgiev,Ki"]
[Black "Gavrilakis,N"]
[Result "1-0"]
[WhiteElo "2626"]
[BlackElo "2402"]

1.c4 e5 2.Nc3 Nc6 3.g3 g6 4.Bg2 Bg7 5.e3 d6 6.Nge2 Nge7 7.O-O O-O 8.d3 Be6
9.Nd5 Qd7 10.Rb1 Nd8 11.d4 Nxd5 12.cxd5 Bh3 13.dxe5 Bxg2 14.Kxg2 dxe5 15.e4 f5
16.Nc3 Nf7 17.f3 Nd6 18.Be3 fxe4 19.fxe4 Nb5 20.Qa4 a6 21.Bc5 Rxf1 22.Rxf1 Rd8
23.Nxb5 Qxb5 24.Qc2 Bf8 25.b4 Qd7 26.Qf2 Bd6 27.Bxd6 cxd6 28.Qf6 Re8 29.a4 Qe7
30.Qxe7 Rxe7 31.Rf6 Rd7 32.a5 Kg7 33.Re6 Kf7 34.Kh3 Kg7 35.Kg4 h6 36.h4  1-0

[Event "TCh-SCG Men"]
[Site "Budva SCG"]
[Date "2004.09.08"]
[Round "1"]
[White "Georgiev,Ki"]
[Black "Predojevic,B"]
[Result "1/2-1/2"]
[WhiteElo "2626"]
[BlackElo "2490"]

1.c4 e5 2.g3 Nf6 3.Bg2 c6 4.d4 exd4 5.Qxd4 d5 6.Nf3 Be7 7.cxd5 cxd5 8.O-O Nc6
9.Qa4 O-O 10.Be3 Ng4 11.Bd4 Nxd4 12.Qxd4 Be6 13.Nc3 Qa5 14.Qd3 Rfd8 15.e3 Rac8
16.Rfd1 Bf6 17.Nd4 Ne5 18.Qb5 Qxb5 19.Ncxb5 Nc6 20.Rac1 Nxd4 21.Nxd4 Bxd4
22.exd4 Kf8 23.Kf1 Ke7 24.Ke2 Kd6 25.Kd2 Rxc1 26.Rxc1 Rc8 27.Rxc8 Bxc8 28.h4 h6
29.Bf3 g5 30.hxg5 hxg5 31.Ke3 f6 32.Bg2 Bf5 33.a3 a5 34.Bf3 b6 35.Be2 Be4
36.Bb5 Bf5 37.Be8 Be4 38.f4 Bf5 39.fxg5 fxg5 40.Kf3 Ke7 41.Bb5 Kd6 42.Ke3 Be4  1/2-1/2

[Event "TCh-SCG Men"]
[Site "Budva SCG"]
[Date "2004.09.11"]
[Round "4"]
[White "Misailovic,N"]
[Black "Georgiev,Ki"]
[Result "0-1"]
[WhiteElo "2349"]
[BlackElo "2626"]

1.e4 c5 2.Nf3 d6 3.d4 cxd4 4.Nxd4 Nf6 5.Nc3 a6 6.Be2 e6 7.g4 h6 8.f4 b5 9.Bf3 Ra7
10.O-O b4 11.Nce2 e5 12.Nf5 Nc6 13.g5 hxg5 14.fxg5 g6 15.Ne3 Nh7 16.h4 Bg7
17.Nd5 O-O 18.Be3 Rb7 19.c3 bxc3 20.bxc3 Ne7 21.Ng3 Nxd5 22.Qxd5 Qc7 23.Qd2 Be6
24.Bg2 Rfb8 25.Rac1 a5 26.h5 Bf8 27.Qf2 Rb2 28.Rc2 Rb1 29.hxg6 fxg6 30.c4 Be7
31.Nf5 Bxg5 32.Bxg5 Nxg5 33.Qg3 gxf5 34.exf5 Qg7 35.fxe6 Nxe6 36.Qxg7+ Kxg7
37.Be4 Rxf1+ 38.Kxf1 Rf8+ 39.Ke1 Rf4 40.Bd5 Nc5 41.Rh2 e4 42.Kd2 Kf6 43.Rh5 Rf2+
44.Kc3 Rxa2 45.Rh6+ Ke5 46.Rh5+ Kf4 47.Rh4+ Kg5 48.Rh8 Ra3+ 49.Kc2 Kf4 50.Kb2 Rd3
51.Ra8 a4 52.Bf7 Ke5 53.Rd8 Rb3+ 54.Ka2 Rb6 55.Rh8 Kd4 56.Rh4 Nd3 57.Ka3 Nc5
58.Ka2 Rb7 59.Be8 Kxc4 60.Rh6 d5  0-1

[Event "TCh-SCG Men"]
[Site "Budva SCG"]
[Date "2004.09.13"]
[Round "6"]
[White "Lastin,A"]
[Black "Georgiev,Ki"]
[Result "1-0"]
[WhiteElo "2611"]
[BlackElo "2626"]

1.d4 Nf6 2.c4 e6 3.g3 d5 4.Bg2 dxc4 5.Nf3 a6 6.O-O Nc6 7.e3 Bd7 8.Nc3 Nd5
9.Nd2 Nb6 10.Qe2 Na5 11.e4 Be7 12.Nf3 O-O 13.Be3 Rc8 14.Rad1 Na4 15.Ne5 Nxc3
16.bxc3 Ba4 17.Rd2 c5 18.d5 Qc7 19.Ng4 exd5 20.Bf4 Qb6 21.exd5 Bd6 22.Nf6+ gxf6
23.Qg4+ Kh8 24.Qf5 Rg8 25.Be4 Rg6 26.Qxc8+ Kg7 27.Be3 f5 28.Bxf5 Rf6 29.Be4 Be7
30.Bg5 Qd6 31.Bxf6+ Bxf6 32.Qg4+ Kf8 33.Bxh7 Ke7 34.Re1+ Kd8 35.Qg8+  1-0

[Event "TCh-SCG Men"]
[Site "Budva SCG"]
[Date "2004.09.16"]
[Round "8"]
[White "Iordachescu,V"]
[Black "Georgiev,Ki"]
[Result "1/2-1/2"]
[WhiteElo "2633"]
[BlackElo "2626"]

1.e4 e5 2.Nf3 Nc6 3.Bb5 Nf6 4.O-O Nxe4 5.d4 Nd6 6.Bxc6 dxc6 7.dxe5 Nf5 8.Qxd8+ Kxd8
9.Nc3 Ne7 10.h3 Bf5 11.g4 Bxc2 12.Nd4 Bg6 13.Rd1 Kc8 14.f4 c5 15.Nde2 f5
16.exf6 gxf6 17.f5 Bf7 18.Ne4 Nc6 19.Nxf6 Bg7 20.Bg5 a5 21.Nf4 Ra6 22.Kg2 h6
23.Bh4 Nb4 24.Ne4 Bxb2 25.Nxc5 Rc6 26.Rab1 Be5 27.Nfe6 b6 28.Nd8 Be8 29.Nd3 Rc2+
30.Kf3 Nxd3 31.Rxd3 h5 32.g5 Rf8 33.f6 Bg6 34.Ne6 Re8 35.Ng7 Rg8 36.Re3 Bd4
37.Rbe1 Bxe3 38.Rxe3 Rxa2 39.Ne6 Bf7 40.Nf4 Rd2 41.g6 Rxg6 42.Re7 Rd7 43.Rxf7 Rxf7
44.Nxg6 a4 45.Ne5 a3 46.Nxf7 a2 47.Nd6+ Kd7 48.f7 a1=Q 49.f8=Q Qf1+ 50.Bf2 Qxh3+
51.Ke2 Qe6+ 52.Be3 Qxd6  1/2-1/2

[Event "36th Olympiad"]
[Site "Calvia ESP"]
[Date "2004.10.24"]
[Round "9"]
[White "Graf,A"]
[Black "Georgiev,Ki"]
[Result "1/2-1/2"]
[WhiteElo "2646"]
[BlackElo "2625"]

1.d4 Nf6 2.c4 e6 3.Nc3 Bb4 4.e3 O-O 5.Ne2 d5 6.a3 Bd6 7.c5 Be7 8.b4 b6 9.Bb2 c6
10.Nf4 a5 11.Be2 Ba6 12.O-O Nbd7 13.Bxa6 Rxa6 14.Nd3 Qc7 15.Qe2 Rfa8 16.Rac1 axb4
17.axb4 R6a7 18.f3 bxc5 19.bxc5 Qb8 20.Rb1 Bd8 21.Bc1 Qc8 22.Bd2 Ra3 23.Rfc1 Bc7
24.Nb4 Ba5 25.Be1 e5 26.Qb2 Bxb4 27.Qxb4 R3a7 28.dxe5 Nxe5 29.Qd4 Ng6 30.Bg3 h6
31.e4 dxe4 32.Nxe4 Nxe4 33.Qxe4 Ne7 34.Rc3 Nd5 35.Rcb3 Ra1 36.Rxa1 Rxa1+
37.Kf2 Ra2+ 38.Kg1 Ra8 39.Bd6 Qa6 40.h3 Nc3 41.Qe5 Nd5 42.Kh2 Qc8 43.Qe4 Qd7
44.Rb8+ Rxb8 45.Bxb8 f6 46.Bd6 Kf7 47.g4 Qb7 48.h4 Qd7 49.Kg3 Qe6 50.h5 Qd7
51.Qb1 Qc8 52.Qg6+ Kg8 53.Qe4 Qd7 54.Kf2  1/2-1/2

[Event "Open"]
[Site "Coventry ENG"]
[Date "2005.03.26"]
[Round "4"]
[White "Dearing,E"]
[Black "Georgiev,Ki"]
[Result "1/2-1/2"]
[WhiteElo "2408"]
[BlackElo "2654"]

1.d4 Nf6 2.c4 e6 3.Nc3 Bb4 4.Qc2 c5 5.dxc5 O-O 6.a3 Bxc5 7.Nf3 b6 8.Bf4 Bb7
9.Rd1 Nc6 10.e3 Rc8 11.Be2 Be7 12.Nb5 d5 13.Qb1 a6 14.Nc3 Na5 15.cxd5 exd5
16.Be5 Re8 17.O-O Nc4 18.Bd4 b5 19.Ng5 h6 20.Nh3 Bd6 21.Nf4 Bxf4 22.exf4 Ne4
23.Nxe4 Rxe4 24.Bg4 Ra8 25.g3 Qd6 26.Bf3 Ree8 27.Qf5 Rad8 28.Qg4 Qf8 29.Bc3 a5
30.b3 Nxa3 31.Bxa5 Ra8 32.Bb6 Ra6 33.Bd4 Nc2 34.Qf5 Nxd4 35.Rxd4 Rd8 36.Rfd1 Rad6
37.Bxd5 Rxd5 38.Rxd5 Rxd5 39.Rxd5 g6 40.Qd3 Bxd5 41.Qxd5 Qb4 42.Kf1 h5 43.h4 Kg7
44.Ke2 Kg8 45.Kd3 Qe1 46.Qf3 Qb4 47.Qa8+ Kg7 48.Qd5 Kg8 49.Kc2 Qe1 50.Qd2 Qe4+
51.Qd3 Qc6+ 52.Kb2 Qf6+ 53.Qc3 Qd6 54.b4 Qd5 55.Kc2 Qa2+ 56.Qb2 Qc4+ 57.Kd2 Qd5+
58.Ke3 Qe6+ 59.Kd3 Qc4+  1/2-1/2

[Event "BUL-TUR Friendly Match"]
[Site "Svilengrad BUL"]
[Date "2005.07.20"]
[Round "1"]
[White "Georgiev,Ki"]
[Black "Atakisi,U"]
[Result "1/2-1/2"]
[WhiteElo "2666"]
[BlackElo "2437"]

1.e4 c6 2.d4 d5 3.Nc3 dxe4 4.Nxe4 Bf5 5.Ng3 Bg6 6.h4 h6 7.Nf3 Nd7 8.h5 Bh7
9.Bd3 Bxd3 10.Qxd3 e6 11.Bf4 Ngf6 12.O-O-O Nd5 13.Bd2 Nb4 14.Qb3 a5 15.Ne4 a4
16.Qxb4 Bxb4 17.Bxb4 Qb6 18.a3 Qa6 19.Nd6+ Kf8 20.Nxb7+ Kg8 21.Nd6 Kh7 22.Rhe1 Rhb8
23.Ne5 Nxe5 24.Rxe5 Rxb4 25.axb4 a3 26.Ra5 axb2+ 27.Kxb2 Qe2 28.Rxa8 Qxd1
29.Kc3 e5 30.dxe5 Qe1+ 31.Kb3 Qb1+ 32.Kc3 Qe1+ 33.Kb3 Qb1+ 34.Kc3 Qe1+  1/2-1/2

[Event "BUL-TUR Friendly Match"]
[Site "Svilengrad BUL"]
[Date "2005.07.21"]
[Round "2"]
[White "Atakisi,U"]
[Black "Georgiev,Ki"]
[Result "0-1"]
[WhiteElo "2437"]
[BlackElo "2666"]

1.e4 e5 2.Nf3 Nc6 3.Bb5 Nf6 4.d3 Bc5 5.Nc3 d6 6.Na4 Bb6 7.Nxb6 axb6 8.c3 O-O
9.Bg5 h6 10.Bh4 Bd7 11.O-O Ne7 12.Bxd7 Nxd7 13.Bxe7 Qxe7 14.Re1 Qe6 15.a3 f5
16.Qe2 fxe4 17.dxe4 Nc5 18.Nd2 Kh8 19.Nf1 Qf7 20.f3 Ne6 21.Ne3 Nf4 22.Qc4 Qg6
23.Kh1 Rf7 24.Rad1 Raf8 25.Rd2 Kh7 26.Nd5 Qe6 27.Ne3 Qd7 28.Red1 h5 29.Nd5 Qe6
30.Ne3 Qc8 31.Nd5 Ne6 32.Nxb6 cxb6 33.Qxc8 Rxc8 34.Rxd6 Rc6 35.R6d5 Rc5 36.Rd6 Nf4
37.Rxb6 h4 38.g3 Nh3 39.Kg2 Ng5 40.gxh4 Nxf3 41.Kg3 Rc8 42.Rd3 Rcf8 43.Rb5 Rf6
44.h5 R8f7 45.a4 Kh6 46.Rd8 Kxh5 47.Rh8+ Kg6 48.h4 Re6 49.Rb8 Nd2 50.R8xb7 Nxe4+
51.Kg2 Rf2+ 52.Kg1 Rd2 53.Rb4 Kf5 54.Rxg7 Red6 55.a5 Rc2 56.Rg2 Rc1+ 57.Kh2 Rdd1
58.Kh3 Kf4 59.Rb8 Rh1+ 60.Rh2 Nf2+ 61.Kg2 Rxh2+ 62.Kxh2 Ng4+ 63.Kg2 Rc2+
64.Kf1 Rc1+ 65.Ke2 Ra1 66.Rb4+ e4 67.Rb8 Rxa5 68.Rf8+ Ke5 69.Rg8 Kf4 70.Rf8+ Kg3
71.Re8 e3 72.Rxe3+ Nxe3 73.Kxe3 Kxh4 74.b4 Rf5 75.Ke4 Kg5 76.c4 Kf6 77.b5 Ke6
78.b6 Rh5 79.Kd4  0-1

[Event "SCG First League m"]
[Site "Vrnjacka Banja SCG"]
[Date "2005.10.22"]
[Round "6"]
[White "Sedlak,N"]
[Black "Georgiev,Ki"]
[Result "0-1"]
[WhiteElo "2512"]
[BlackElo "2648"]

1.e4 c5 2.Nf3 d6 3.d4 cxd4 4.Nxd4 Nf6 5.Nc3 a6 6.Bg5 e6 7.f4 Qb6 8.Qd2 Qxb2
9.Nb3 Qa3 10.Bxf6 gxf6 11.Be2 Nc6 12.O-O Bd7 13.Kh1 Rc8 14.Nd1 Bg7 15.Ne3 b5
16.Bh5 O-O 17.Rad1 Rfd8 18.Qf2 Ne7 19.f5 exf5 20.exf5 d5 21.Nxd5 Nxd5 22.Rxd5 Bc6
23.Rxd8+ Rxd8 24.Qa7 Rd7 25.Qb6 Qd6 26.Kg1 Bh6 27.Na5 Be4 28.Qf2 Qd4 29.Nb3 Qxf2+
30.Kxf2 Bxc2 31.Nc5 Rd2+ 32.Kg3 Bf8 33.Nb3 Bd6+ 34.Kh3 Rd5 35.Bf3 Rd3 36.Rc1 Rc3
37.Kh4 Rc4+  0-1

[Event "SCG First League m"]
[Site "Vrnjacka Banja SCG"]
[Date "2005.10.26"]
[Round "10"]
[White "Damljanovic,B"]
[Black "Georgiev,Ki"]
[Result "1/2-1/2"]
[WhiteElo "2609"]
[BlackElo "2648"]

1.c4 Nf6 2.Nc3 e5 3.Nf3 Nc6 4.g3 d5 5.cxd5 Nxd5 6.Bg2 Nb6 7.O-O Be7 8.b3 O-O
9.Bb2 Bg4 10.Rc1 Qd7 11.Ne4 f6  1/2-1/2

[Event "5th Amplico AIG Life"]
[Site "Warsaw POL"]
[Date "2005.12.17"]
[Round "2"]
[White "Brodowski,P"]
[Black "Georgiev,Ki"]
[Result "0-1"]
[WhiteElo "2294"]
[BlackElo "2648"]

1.d4 Nf6 2.Nf3 e6 3.c4 d5 4.Nc3 dxc4 5.g3 a6 6.a4 Nc6 7.Bg2 Rb8 8.O-O Bb4
9.e3 O-O 10.Nd2 Na5 11.Qe2 b5 12.axb5 axb5 13.Nde4 Nxe4 14.Nxe4 Bb7 15.Qh5 Bd5
16.Rd1 Nb3 17.Ra7 h6 18.Nc5 Bxc5 19.dxc5 Nxc1 20.Bxd5 exd5 21.Rxc1 c6 22.Qf5 Qc8
23.Qf4 Qe6 24.Rca1 b4 25.Qd4 Rb5 26.Re1 Re8 27.f3 Qe5 28.Ra8 Qe6 29.Ra7 Qf5
30.Kf2 Re4 31.Qd2 Re6 32.Qd4 Rf6 33.f4 Re6 34.Ra8+ Kh7 35.Kf3 Re4 36.Qd2 Qe6
37.g4 d4 38.Qc2 d3 39.Qd2 Qd5 40.Qd1  0-1

[Event "5th Amplico AIG Life"]
[Site "Warsaw POL"]
[Date "2005.12.17"]
[Round "4"]
[White "Jaracz,P"]
[Black "Georgiev,Ki"]
[Result "1-0"]
[WhiteElo "2492"]
[BlackElo "2648"]

1.e4 e5 2.Nf3 Nc6 3.Bc4 Bc5 4.c3 Nf6 5.d3 d6 6.h3 O-O 7.Nbd2 a6 8.Bb3 Ba7
9.O-O Be6 10.Re1 h6 11.Nf1 Re8 12.Ng3 d5 13.Nh2 dxe4 14.dxe4 Qxd1 15.Rxd1 Rad8
16.Re1 Nd7 17.Bxe6 Rxe6 18.Nf5 Nc5 19.Be3 Nd3 20.Re2 Bxe3 21.Nxe3 Nf4 22.Rc2 Red6
23.Nhf1 f6 24.h4 Ne7 25.a4 b6 26.g3 Ne6 27.b4 Rd3 28.Rb1 g6 29.Kg2 Kf7 30.Nc4 h5
31.Nfe3 g5 32.Rh1 g4 33.Ra1 b5 34.axb5 axb5 35.Na5 Rd2 36.Raa2 Rxc2 37.Rxc2 Rd7
38.Nb3 c6 39.Ra2 Rd3 40.Rc2 Ke8 41.Kf1 Nd4 42.cxd4 Rxb3 43.dxe5 fxe5 44.Rc5 Rxb4
45.Rxe5 Kd7 46.Rxh5 Rxe4 47.Ke2 Ra4 48.Rg5 Ra2+ 49.Kd3 Rxf2 50.Nxg4 Rf1 51.h5 Nd5
52.h6 Rh1 53.Rg6 c5 54.Ke4 Nc3+ 55.Kd3 Nd5 56.Ke4 Nc3+ 57.Ke5 b4 58.h7 Rh5+
59.Kf4 Nd5+ 60.Ke4 Nc3+ 61.Kd3 Nd5 62.Rh6 c4+ 63.Kxc4 Ne3+ 64.Kxb4 Nd5+ 65.Kb3  1-0

[Event "5th Amplico AIG Life"]
[Site "Warsaw POL"]
[Date "2005.12.17"]
[Round "5"]
[White "Schmidt,Wl"]
[Black "Georgiev,Ki"]
[Result "0-1"]
[WhiteElo "2435"]
[BlackElo "2648"]

1.d4 Nf6 2.c4 e6 3.Nc3 Bb4 4.e3 O-O 5.Bd3 d5 6.cxd5 exd5 7.Ne2 Re8 8.Bd2 Bd6
9.Rc1 c6 10.f3 a6 11.O-O c5 12.Qe1 Nc6 13.Qh4 h6 14.Kh1 b6 15.Ng3 Be6 16.Nf5 Bf8
17.Rfe1 Ra7 18.b3 Rd7 19.Qf2 g6 20.Ng3 Nb4 21.Bb1 h5 22.Nge2 Ra7 23.Nf4 Bc8
24.dxc5 bxc5 25.Na4 c4 26.e4 dxe4 27.Bxb4 Bxb4 28.Qxa7 Bxe1 29.Rxe1 exf3
30.Rf1 Qd2 31.gxf3 Qxf4 32.Qf2 cxb3 33.axb3 Bh3 34.Rd1 Ng4  0-1

[Event "5th Amplico AIG Life"]
[Site "Warsaw POL"]
[Date "2005.12.17"]
[Round "6"]
[White "Georgiev,Ki"]
[Black "Szoen,D"]
[Result "1-0"]
[WhiteElo "2648"]
[BlackElo "2450"]

1.d4 d5 2.c4 c6 3.Nf3 Nf6 4.e3 e6 5.Bd3 Nbd7 6.O-O Be7 7.Nc3 O-O 8.e4 dxe4
9.Nxe4 Nxe4 10.Bxe4 Nf6 11.Bc2 c5 12.Qd3 cxd4 13.Bg5 g6 14.Rad1 Bd7 15.Qxd4  1-0

[Event "5th Amplico AIG Life"]
[Site "Warsaw POL"]
[Date "2005.12.17"]
[Round "7"]
[White "Zubov,A UKR"]
[Black "Georgiev,Ki"]
[Result "1-0"]
[WhiteElo "2493"]
[BlackElo "2648"]

1.e4 e5 2.Nf3 Nc6 3.Bb5 Nf6 4.d3 Bc5 5.O-O d6 6.Nbd2 O-O 7.c3 a6 8.Bxc6 bxc6
9.Nc4 Ba7 10.Na5 Bd7 11.b4 Qe8 12.Be3 Bxe3 13.fxe3 Ng4 14.Qd2 f5 15.exf5 e4
16.dxe4 Qxe4 17.Nd4 c5 18.bxc5 dxc5 19.Rf4 Qxe3+ 20.Qxe3 Nxe3 21.Ndb3 Bxf5
22.Nxc5 Nd5 23.Rf3 Bg6 24.Raf1 Rfe8 25.Nc6 h6 26.Nd4 Ne3 27.Re1 Ng4 28.Nde6 Re7
29.Rg3 Bf5 30.h3 Nf6 31.Re5 Bb1 32.Re2 Rae8 33.Rb2 Bf5 34.Nd4 Re1+ 35.Kh2 Bc8
36.Rb8 Kh7 37.Rf3 R1e5 38.Nd3 Rd5 39.Nb4 Rc5 40.Ra8 a5 41.Nb3 Rce5 42.Rxa5 Re2
43.Nd4 Rd2 44.Ra7 Re7 45.Nbc6 Rd7 46.Ne5 Rd5 47.Nc4 Rd1 48.Ne3 R5xd4 49.cxd4 Rc1
50.d5  1-0

[Event "5th Amplico AIG Life"]
[Site "Warsaw POL"]
[Date "2005.12.18"]
[Round "10"]
[White "Bartel,Mat"]
[Black "Georgiev,Ki"]
[Result "0-1"]
[WhiteElo "2513"]
[BlackElo "2648"]

1.e4 c5 2.Nf3 d6 3.c3 Nf6 4.Bd3 Nc6 5.Bc2 Bg4 6.h3 Bh5 7.d3 e6 8.Nbd2 Be7
9.Nf1 Nd7 10.Ng3 Bg6 11.O-O O-O 12.Nh2 d5 13.f4 f5 14.exd5 exd5 15.Nf3 d4
16.Ng5 Bxg5 17.fxg5 Nde5 18.c4 f4 19.Rxf4 Nb4 20.Ne4 Rxf4 21.Bxf4 Bxe4 22.dxe4 d3
23.Bb3 Qd4+ 24.Kh1 Rf8 25.Bxe5 Qxe5 26.a3 Nc6 27.Qxd3 Nd4 28.Bd1 Qxg5 29.Bg4 h5
30.Bf3 Qe5 31.Rf1 g6 32.b4 b6 33.Qe3 Kg7 34.Qd3 Rf7 35.Kg1 Qg3 36.Qe3 Qe5
37.Qd3 Rf4 38.Qe3 Rf6 39.Qd3 Rd6 40.Qe3 Nc2 41.Qb3 Nd4 42.Qe3 Re6 43.Qd3 Re7
44.Qe3 a5 45.bxa5 bxa5 46.Qd2 a4 47.Qa5 Rf7 48.Qe1 Rb7 49.Bd1 Rb2 50.Qe3 h4
51.Bg4 Qg3 52.Qxg3 hxg3 53.Re1 Nc2 54.Rc1 Ne3 55.Bf3 Nxc4 56.Kf1 Nd2+ 57.Kg1 c4
58.Bd1 Ra2 59.Rc2 Ra1  0-1

[Event "5th Amplico AIG Life"]
[Site "Warsaw POL"]
[Date "2005.12.18"]
[Round "11"]
[White "Georgiev,Ki"]
[Black "Sveshnikov,E"]
[Result "1-0"]
[WhiteElo "2648"]
[BlackElo "2507"]

1.d4 d5 2.c4 e6 3.Nc3 c6 4.e3 Bd6 5.Bd3 f5 6.Nf3 Nf6 7.O-O O-O 8.b3 Ne4 9.Bb2 Nd7
10.Ne2 b6 11.Ne5 Bb7 12.f3 Nef6 13.Nf4 Qe7 14.Qe2 Rfe8 15.Rac1 a6 16.Rfd1 b5
17.Rc2 g5 18.Nh3 Qg7 19.Nf2 Nf8 20.e4 f4 21.Rdc1 Rac8 22.a4 dxc4 23.bxc4 bxa4
24.c5 Bxe5 25.dxe5 N6d7 26.Ng4 a3 27.Ba1 Ng6 28.Nf6+ Nxf6 29.exf6 Qc7 30.e5 Kf7
31.Ra2 Rcd8 32.Rxa3 Rd7 33.Bc3 Rd5 34.Ba1 Red8 35.Qe4 Bc8 36.h3 Qa7 37.Kh2 R8d7
38.Bc4 Qxc5 39.Rac3 Rxe5 40.Bxe6+ Kxe6 41.Rxc5 Rxe4 42.Rxc6+ Rd6 43.fxe4 Bb7
44.Rxd6+ Kxd6 45.e5+ Ke6 46.Rc7 Bd5 47.Ra7 Bc4 48.Bc3 h5 49.f7 g4 50.hxg4 hxg4
51.Bb4 Kxe5 52.f8=Q Nxf8 53.Bxf8 f3 54.gxf3 gxf3 55.Kg3 Be2 56.Kf2 Ke4 57.Bb4 Kd3
58.Rxa6 Kc4 59.Rb6 Kd5 60.Ke3 Kc4 61.Bf8 Kd5 62.Rb4 Ke5 63.Rf4 Kd5 64.Rf5+ Kc4
65.Bd6 Kc3 66.Rc5+ Kb3 67.Kd2 Kb2 68.Rd5 Kb3 69.Rd4 Bc4 70.Rf4 Be2 71.Bc5 Kb2
72.Rb4+ Ka3 73.Kc2 f2 74.Rf4+  1-0

[Event "TCh-FRA Top 16 Gp A"]
[Site "Montpellier FRA"]
[Date "2006.04.02"]
[Round "7"]
[White "Dourerassou,J"]
[Black "Georgiev,Ki"]
[Result "1-0"]
[WhiteElo "2354"]
[BlackElo "2645"]

1.e4 c5 2.Nf3 Nc6 3.d4 cxd4 4.Nxd4 Qb6 5.Nb3 Nf6 6.Nc3 e6 7.Be3 Qc7 8.Bd3 Bb4
9.O-O Bxc3 10.bxc3 d5 11.exd5 Nxd5 12.Bc5 b6 13.Ba3 Bb7 14.c4 Nf4 15.Be4 Rd8
16.Qg4 f5 17.Bxf5 Ne5 18.Qxf4 Nf3+ 19.Qxf3 Bxf3 20.Rae1 e5 21.gxf3 Kf7 22.Bd3 Rhe8
23.Nd2 Kg8 24.Ne4 Qc6 25.Kh1 Qa4 26.Bd6 Re6 27.c5 bxc5 28.Bxc5 Rxd3 29.cxd3 Qxa2
30.Rb1 h6 31.Rg1 Rg6 32.Rb8+ Kh7 33.Rxg6 Kxg6 34.Rb7 a5 35.Bf8 a4 36.Rxg7+ Kf5
37.Ra7 Kf4 38.Kg2 Qg8+ 39.Bg7 a3 40.Ng3 Kg5 41.h4+ Kg6 42.h5+ Kg5 43.Bxe5  1-0

[Event "7th ch-Euro t/b"]
[Site "Kusadasi TUR"]
[Date "2006.04.16"]
[Round "1.3"]
[White "Baramidze,D"]
[Black "Georgiev,Ki"]
[Result "1-0"]
[WhiteElo "2545"]
[BlackElo "2677"]

1.e4 e5 2.Nf3 Nc6 3.Bb5 Nf6 4.O-O Nxe4 5.d4 Nd6 6.Bxc6 dxc6 7.dxe5 Ne4 8.Qe2 Bf5
9.Bf4 Be7 10.Na3 O-O 11.Nc4 Bg6 12.e6 f6 13.Rad1 Nd6 14.Nd4 Qc8 15.Nb3 Re8
16.Bxd6 cxd6 17.Nxd6 Bxd6 18.Rxd6 Qc7 19.Rfd1 Rad8 20.Rd7 Rxd7 21.Rxd7 Qf4
22.h3 Bf5 23.Nd4 c5 24.Nxf5 Qxf5 25.Rxb7 Qxe6 26.Qxe6+ Rxe6 27.Kf1 a6 28.Rc7 Re5
29.Rc6 a5 30.c4 h5 31.Ra6 Re4 32.b3 Rd4 33.Rxa5 Rd2 34.Rxc5 Rxa2 35.b4 h4
36.b5 Rb2 37.Rc6 Kf7 38.b6 Ke7 39.Rc7+ Ke6 40.c5 g5 41.b7 Kd5 42.c6 Kd4 43.Rc8 Kd5  1-0

[Event "15th TCh-CRO"]
[Site "Sibenik CRO"]
[Date "2006.09.22"]
[Round "1"]
[White "Mihalcisin,A"]
[Black "Georgiev,Ki"]
[Result "1/2-1/2"]
[WhiteElo "2543"]
[BlackElo "2685"]

1.d4 Nf6 2.c4 e6 3.Nf3 d5 4.Nc3 dxc4 5.e3 a6 6.a4 c5 7.Bxc4 Nc6 8.O-O Be7
9.Qe2 O-O 10.Rd1 Qc7 11.h3 Rd8 12.d5 exd5 13.Bxd5 Nb4 14.e4 Nfxd5 15.Nxd5 Nxd5
16.exd5 Bf5 17.a5 Re8 18.Be3 Rad8 19.b4 Be4 20.Qc4 Bf6 21.Ra3 Qd7 22.Bxc5 Bxd5
23.Qf4 Qc8 24.Rad3 Bc6 25.Bd4 Be4 26.R3d2 Bxd4 27.Rxd4 Rxd4 28.Rxd4 Qf5 29.Qxf5 Bxf5
30.Ne5 h5 31.Nc4 Be6 32.h4 Kf8 33.f3 Ke7 34.Kf2 g6 35.Ke3 Rc8 36.Nd6 Rc7
37.Ne4 Rc2 38.g3 Bd7 39.Rd2 Rc1 40.Kd4 Bb5 41.Nc3 Bc6 42.Rd3 Rg1 43.Re3+ Kd8
44.f4 Rg2 45.Kc5 Rd2 46.Kc4 Kc8 47.Re7 Rg2 48.Re3 Kd7 49.Kc5 Rd2 50.Kc4 Bg2
51.Ne4 Rc2+ 52.Kd3 Rc1 53.Nc3 Kd6 54.Kd2 Rh1 55.Kd3 Bc6 56.Kd4 Rg1 57.Kc4 f6
58.Kd4 Rg2 59.Kc4 Kd7 60.Kc5 Rc2 61.Kd4  1/2-1/2

[Event "15th TCh-CRO"]
[Site "Sibenik CRO"]
[Date "2006.09.23"]
[Round "2"]
[White "Georgiev,Ki"]
[Black "Lalic,B"]
[Result "1/2-1/2"]
[WhiteElo "2685"]
[BlackElo "2488"]

1.e4 c6 2.d4 d5 3.Nc3 dxe4 4.Nxe4 Nd7 5.Ng5 Ngf6 6.Bd3 e6 7.N1f3 Bd6 8.Qe2 h6
9.Ne4 Nxe4 10.Qxe4 Nf6 11.Qe2 b6 12.Bd2 Bb7 13.O-O-O Qc7 14.Rhe1 O-O-O 15.Ne5 Rhe8
16.Ba6 Bxa6 17.Qxa6+ Kb8 18.f4 c5 19.dxc5 Bxc5 20.Kb1 Bf2 21.Re2 Bd4 22.Nf3 Rd5
23.c4 Rd7 24.Rc1 Qc5 25.a4 Qf5+ 26.Rc2 Ne4 27.a5 Bf6 28.axb6 axb6 29.g4 Qxg4
30.Rxe4 Qxf3 31.Qxb6+ Rb7 32.Qd6+ Ka8 33.Qa6+ Kb8 34.Re3 Qd1+ 35.Bc1 Rc8
36.c5 Rxc5 37.Ree2 Rxc2 38.Rxc2 Qd5 39.Be3 Qd1+ 40.Bc1  1/2-1/2

[Event "15th TCh-CRO"]
[Site "Sibenik CRO"]
[Date "2006.09.28"]
[Round "7"]
[White "Pavasovic,D"]
[Black "Georgiev,Ki"]
[Result "1/2-1/2"]
[WhiteElo "2564"]
[BlackElo "2685"]

1.e4 e5 2.Nf3 Nc6 3.d4 exd4 4.Nxd4 Bc5 5.Be3 Qf6 6.c3 Nge7 7.Bc4 Ne5 8.Be2 Qg6
9.O-O d6 10.Kh1 Ng4 11.Bxg4 Bxg4 12.f3 Bd7 13.c4 O-O 14.Nc3 Rae8 15.Qd2 a6
16.Nc2 Qh5 17.b4 Bxe3 18.Nxe3 Be6 19.Rfe1 Qg5 20.Rad1 f5 21.Re2 fxe4 22.Nxe4 Qf4
23.Kg1 h6 24.Nd5 Bxd5 25.Qxf4 Rxf4 26.cxd5 Rf7 27.a4 Kf8 28.a5 g5 29.h3 Ng6
30.b5 axb5 31.Rb2 Ra8 32.Rxb5 Ra7 33.Rdb1 Ne5 34.Rxb7 Rxa5 35.Rc1 Rxd5  1/2-1/2

[Event "15th TCh-CRO"]
[Site "Sibenik CRO"]
[Date "2006.09.30"]
[Round "9"]
[White "Petkov,V"]
[Black "Georgiev,Ki"]
[Result "0-1"]
[WhiteElo "2480"]
[BlackElo "2685"]

1.d4 Nf6 2.c4 e6 3.Nc3 Bb4 4.Qc2 d5 5.Bg5 dxc4 6.Nf3 b5 7.a4 c6 8.e4 h6 9.Bxf6 Qxf6
10.Be2 Bb7 11.O-O a6 12.Ne5 O-O 13.f4 Nd7 14.Kh1 Rad8 15.Ng4 Qh4 16.f5 h5
17.Ne3 e5 18.f6 exd4 19.fxg7 Rfe8 20.Nf5 Qg5 21.Nxd4 Ne5 22.Rad1 Bc8 23.axb5 axb5
24.Nf5 h4 25.Na2 Rxd1 26.Bxd1 Bc5 27.Qe2 Nd3 28.Qf3 Bxf5 29.exf5 h3 30.g4 Qh4
31.Qxc6 Nf2+ 32.Kg1 Nxd1+  0-1